Programming MS Exchange Server (Record no. 11195)

000 -LEADER
fixed length control field 00411 a2200157 4500
020 ## - INTERNATIONAL STANDARD BOOK NUMBER
International Standard Book Number 0879305673
082 ## - DEWEY DECIMAL CLASSIFICATION NUMBER
Classification number 005.713769
090 ## - LOCALLY ASSIGNED LC-TYPE CALL NUMBER (OCLC); LOCAL CALL NUMBER (RLIN)
-- 7392
-- 7392
100 ## - MAIN ENTRY--PERSONAL NAME
Personal name Okuntseff, Nik
245 ## - TITLE STATEMENT
Title Programming MS Exchange Server
260 ## - PUBLICATION, DISTRIBUTION, ETC.
Place of publication, distribution, etc. USA
Name of publisher, distributor, etc. R&D Books
Date of publication, distribution, etc. 1999
300 ## - PHYSICAL DESCRIPTION
Extent xx, 318 p. ;
Other physical details ill. ;
Dimensions 25 cm.
Accompanying material CD-ROM
500 ## - GENERAL NOTE
General note Includes index
650 ## - SUBJECT ADDED ENTRY--TOPICAL TERM
Topical term or geographic name entry element 1. Client/server computing
942 ## - ADDED ENTRY ELEMENTS (KOHA)
Koha item type Book
Call number prefix 005.713769 OKU
Holdings
Withdrawn status Lost status Damaged status Not for loan Permanent Location Current Location Total Checkouts Full call number Barcode Date last seen Price effective from Koha item type
        Central Library (CL) Central Library (CL)   005.713769 OKU SEECSD00562 11/14/2012 11/14/2012 Book
© 2023 Central Library, National University of Sciences and Technology. All Rights Reserved.